| 000 | 00932cab a2200241 4500 | ||
|---|---|---|---|
| 001 | WB3440-05 | ||
| 008 | 090401t1998 xxu||||| |||| 00| 0 eng d | ||
| 035 | _a(Sirsi) u89108 | ||
| 041 | _aeng | ||
| 245 | 2 | _aA storm shelter? | |
| 260 | _c1998 | ||
| 350 | _a0 | ||
| 490 |
_aWeekend Financial Times _v17 October 1998, 6(2) |
||
| 520 | _aSome financial advisors see commercial property as a safe option for investors, however others suggest that the growth in this sector is coming to an end. Suggests that property investment be seen as one element of a balanced portfolio, and looks at the options for such investment. | ||
| 650 | _aBUY-TO-LET | ||
| 650 | _aPROPERTY-COMMERCIAL PROPERTY | ||
| 650 | _aPROPERTY INVESTMENT | ||
| 650 | _aPROPERTY MARKET | ||
| 650 |
_aRESIDENTIAL PROPERTY _96266 |
||
| 690 | _aPROPERTY-COMMERCIAL PROPERTY-COMMERCIAL PROPERTY FINANCE AND INVESTMENT | ||
| 942 | _n0 | ||
| 948 | _c20/10/1998 | ||
| 999 |
_c56338 _d56338 |
||